Inovácie a transfer technológií

Uložené v:
Podrobná bibliografia
Hlavný autor: Borovský, Juraj
Ďalší autori: Gál, Peter
Médium: Kniha
Jazyk:Slovak
Vydavateľské údaje: Bratislava EUROUNION 2005
Predmet:
Tagy: Pridať tag
Žiadne tagy, Buďte prvý, kto otaguje tento záznam!

MARC

LEADER 00000nam$a2200000$$$4500
001 0054786
005 20240314091142.0
020 |a 80-88984-86-6 
041 0 |a slo 
044 |a SK 
245 1 0 |a Inovácie a transfer technológií  |c Juraj Borovský - Peter Gál 
264 1 |a Bratislava  |b EUROUNION  |c 2005 
300 |a 78 s. 
610 2 0 |a inovácia 
610 2 0 |a konkurencieschopnosť 
610 2 0 |a riadenie zmien 
610 2 0 |a zdroje informácií 
610 2 0 |a inovácia výrobkov 
610 2 0 |a kreativita 
610 2 0 |a technológia 
610 2 0 |a výroba 
610 2 0 |a manažéri 
610 2 0 |a manažment 
100 1 |a Borovský, Juraj 
700 1 |a Gál, Peter